Normal view MARC view

Entry Personal Name

Number of records used in: 1

001 - CONTROL NUMBER

  • control field: 1238284

003 - CONTROL NUMBER IDENTIFIER

  • control field: OSt

005 - DATE AND TIME OF LATEST TRANSACTION

  • control field: 20260430150721.0

008 - FIXED-LENGTH DATA ELEMENTS

  • fixed length control field: 260430|| aca||aabn | a|a d

040 ## - CATALOGING SOURCE

  • Original cataloging agency: OSt
  • Transcribing agency: OSt

100 ## - HEADING--PERSONAL NAME

  • Personal name: Kirar Vanshika Au.; Singh Vipul Gu

670 ## - SOURCE DATA FOUND

  • Source citation: Work cat.: (OSt)1850455: Kirar Vanshika Au.; Singh Vipul Gu., Cantonment and the Urban Space: The Marking of Delhi Contonment 1910-1950, 2024
Copyright @ Delhi University Library System